| 000 | 01004nam a22003017a 4500 | ||
|---|---|---|---|
| 003 | CHAP | ||
| 005 | 20220329135922.0 | ||
| 008 | 971013s r 00010 d | ||
| 010 | _a44108 | ||
| 011 | _a45080 | ||
| 035 | _a49219 | ||
| 040 | _cCHAP | ||
| 082 |
_a630.972 _bI47v |
||
| 110 |
_aINIA. México. Campo Agrícola Experimental Valle del Fuerte _958530 |
||
| 245 | _aInforme de labores, 19 a 19 | ||
| 260 |
_aMéxico, D.F. : _bEl Instituto, _c19 |
||
| 300 | _av. | ||
| 500 | _aLa biblioteca tiene: 1975 a 1977 | ||
| 590 |
_aBATCH-UPD _b10 _c20130110 _lUCH01 _h1143 |
||
| 590 |
_aBATCH-UPD _b10 _c20130410 _lUCH01 _h0728 |
||
| 590 |
_aCONVERSION _b10 _c20130109 _lUCH01 _h1324 |
||
| 650 | 1 | 4 |
_aAgricultura _xInvestigacion _xSinaloa. _91674 |
| 650 | 1 | 4 |
_aAgricultura _xSinaloa. _91794 |
| 901 | _aBK | ||
| 942 | _cLIBRO | ||
| 949 |
_a630.972 I47v _bBC _cLIBRO _d33724000048443 _eLIBRO _f1975-77 c.2 _h60432 _i49219 _sb |
||
| 949 |
_a630.972 I47v _bBC _cLIBRO _d33724000048450 _eLIBRO _f1975-77 _h60431 _i49219 _si |
||
| 999 |
_c44108 _d44108 |
||